000 01058nam a2200289Ia 4500
003 OSt
005 20220923211214.0
006 a|||||r|||| 00| 0
007 ta
008 220922b |||||||| |||| 00| 0 hin d
020 _a9788126317486 (hbk)
_c250
024 _a284,852
037 _b30, 14/03/2015, P. K. Books
_cTextual
040 _aARTS
_cARTS
_bhin
041 _2hin
_ahin
082 _aO152,1N01:g, P9
100 _aपांडेय, भवदेव
_9159625
245 0 _aउग्र का परिशिष्ट
246 _aUgra kā parishiṣhṭa
250 _a2 संस्करण
260 _aनयी दिल्ली
_b भारतीय ज्ञानपीठ
_c2009
300 _a294पृ.
_ccm.
490 _aलोकोदय ग्रन्थमाला; ग्रन्थाक 946
650 _aहिन्दी साहित्य
_9156264
942 _hO152,1N01:g, P9
_cTEXL
_2CC
999 _c296833
_d296833